000 002630000a22000970004500
100 1 _aWiggins, Steve A.
245 1 0 _aA rejoinder to J. Glen Taylor
300 _aNúm 73 (1997), Páginas 109-112
773 0 _tJournal for the Study of the Old Testament
942 _cANA
999 _c54866
_d54866